[Event "Skudai Kejohanan op"]
[Site "Skudai"]
[Date "2016.02.03"]
[Round "7"]
[White "Muhd, Nabil Azman Hisham"]
[Black "Lee, Kang Jing"]
[Result "1-0"]
[WhiteElo "1946"]
[BlackElo "1703"]
[PlyCount "109"]
[EventDate "2016.01.31"]
[EventType "swiss"]
[EventRounds "9"]
[EventCountry "MAS"]
[SourceTitle "CBM 170 Extra"]
[Source "ChessBase"]
[SourceDate "2016.02.25"]
[SourceVersion "1"]
[SourceVersionDate "2016.02.25"]
[SourceQuality "1"]

1. d4 Nf6 2. c4 g6 3. Nc3 Bg7 4. e4 d6 5. f3 0-0 6. Be3 c5 7. dxc5 dxc5 8. Qxd8 Rxd8 9. Bxc5 Nc6 10. Rd1 Nd7 11. Ba3 Nd4 12. Bxe7 Re8 13. Bg5 h6 14. Bc1 Nc5 15. Nge2 Nc2+ 16. Kf2 Be6 17. Rd2 Nb4 18. Nf4 Rad8 19. Nfd5 Nc6 20. Rd1 f5 21. Be3 b6 22. exf5 Bxf5 23. g4 Be6 24. Be2 Rf8 25. Kg2 Kh7 26. h3 Bg8 27. Rhe1 Rde8 28. Bf1 Ne6 29. f4 Ned4 30. Bd3 Bxd5+ 31. Nxd5 Ne6 32. f5 Nc5 33. Bxc5 Rxe1 34. Rxe1 bxc5 35. f6 Bxf6 36. Re6 Nb4 37. Nxf6+ Kg7 38. Nd7 Nxd3 39. Nxf8 Kxf8 40. Kf3 Kf7 41. Re2 Nc1 42. Re5 Nd3 43. Rd5 Nxb2 44. Rxc5 Kf6 45. h4 a5 46. Ke4 a4 47. Rc6+ Kf7 48. c5 Nd1 49. Ke5 Ne3 50. Rc7+ Kg8 51. g5 Ng4+ 52. Kf4 h5 53. Rd7 Kf8 54. Rd2 Ke7 55. c6 1-0

[Event "Skudai Kejohanan op"]
[Site "Skudai"]
[Date "2016.02.01"]
[Round "4"]
[White "Guan, Zhen Chuan"]
[Black "Muhd, Nabil Azman Hisham"]
[Result "0-1"]
[WhiteElo "1713"]
[BlackElo "1946"]
[PlyCount "106"]
[EventDate "2016.01.31"]
[EventType "swiss"]
[EventRounds "9"]
[EventCountry "MAS"]
[SourceTitle "CBM 170 Extra"]
[Source "ChessBase"]
[SourceDate "2016.02.25"]
[SourceVersion "1"]
[SourceVersionDate "2016.02.25"]
[SourceQuality "1"]

1. e4 c5 2. Nc3 e6 3. g3 b6 4. Bg2 Bb7 5. Nf3 d6 6. d3 Nc6 7. 0-0 Qd7 8. Be3 Nf6 9. h3 Be7 10. Qd2 0-0 11. Kh2 Rfd8 12. d4 cxd4 13. Nxd4 Na5 14. Qd3 Rac8 15. b3 Qc7 16. Ncb5 Qb8 17. c4 Qa8 18. f3 Ne8 19. Nc3 Nc6 20. Rac1 Nc7 21. Qe2 Bf6 22. Rfd1 d5 23. cxd5 Nxd4 24. Bxd4 Bxd4 25. Rxd4 exd5 26. exd5 Nxd5 27. Qd2 Nxc3 28. Rxc3 Rxd4 29. Rxc8+ Qxc8 30. Qxd4 h5 31. Qd2 Qc7 32. f4 Bc8 33. Qe2 g6 34. Bd5 Kh7 35. Be4 Kg8 36. Bd5 Kg7 37. Kg2 Qd7 38. Bf3 Qxh3+ 39. Kf2 Qh2+ 40. Bg2 Bb7 41. Qf1 Qxg2+ 42. Qxg2 Bxg2 43. Kxg2 Kf6 44. Kf2 Kf5 45. Kf3 f6 46. a3 g5 47. a4 gxf4 48. gxf4 a5 49. Ke3 h4 50. Kd4 h3 51. Kc4 h2 52. Kb5 h1Q 53. Kxb6 Qd1 0-1